[Event "Pan American-ch U18"]
[Site "Matinhos"]
[Date "1999.10.01"]
[Round "1"]
[White "Cubas, Jose Fernando"]
[Black "Varela, Gaston"]
[Result "1/2-1/2"]
[WhiteElo "2206"]
[BlackElo "2283"]
[PlyCount "81"]
[EventDate "1999.10.01"]
[EventType "swiss"]
[EventRounds "7"]
[EventCountry "BRA"]
[SourceTitle "CBM 072 Extra"]
[Source "ChessBase"]
[SourceDate "1999.11.18"]
[SourceVersion "1"]
[SourceVersionDate "1999.11.18"]
[SourceQuality "1"]

1. e4 c5 2. Nc3 Nc6 3. f4 g6 4. Nf3 Bg7 5. Bb5 Nd4 6. Bd3 d6 7. Nxd4 cxd4 8.
Ne2 e6 9. O-O Ne7 10. Qe1 O-O 11. Qf2 Qb6 12. c3 Nc6 13. Kh1 f5 14. exf5 gxf5
15. Ng3 dxc3 16. Qxb6 axb6 17. dxc3 Ne7 18. Be3 Nd5 19. Bg1 Bd7 20. Bc4 Bc6 21.
Rad1 b5 22. Bb3 Rae8 23. Ne2 Kf7 24. h3 Rg8 25. Kh2 Bf6 26. g3 h5 27. Nd4 Bxd4
28. Bxd4 h4 29. g4 fxg4 30. f5 g3+ 31. Kg1 Rg5 32. fxe6+ Kxe6 33. Rde1+ Kd7 34.
Rf7+ Kc8 35. Rxe8+ Bxe8 36. Rf8 Kd8 37. Bxd5 Rxd5 38. Rf4 Rh5 39. Bf6+ Kd7 40.
Bxh4 Bg6 41. Kg2 1/2-1/2

[Event "Pan American-ch U18"]
[Site "Matinhos"]
[Date "1999.10.04"]
[Round "4"]
[White "Cubas, Jose Fernando"]
[Black "Sarkar, Justin"]
[Result "0-1"]
[WhiteElo "2206"]
[BlackElo "2262"]
[PlyCount "94"]
[EventDate "1999.10.01"]
[EventType "swiss"]
[EventRounds "7"]
[EventCountry "BRA"]
[SourceTitle "CBM 072 Extra"]
[Source "ChessBase"]
[SourceDate "1999.11.18"]
[SourceVersion "1"]
[SourceVersionDate "1999.11.18"]
[SourceQuality "1"]

1. e4 e6 2. d4 d5 3. Nc3 Nf6 4. e5 Nfd7 5. f4 c5 6. Nf3 Nc6 7. Be3 cxd4 8. Nxd4
Bc5 9. Qd2 O-O 10. O-O-O a6 11. h4 Bxd4 12. Bxd4 b5 13. Qe3 b4 14. Ne2 a5 15.
Rh3 Ba6 16. h5 Bxe2 17. Bxe2 Nxd4 18. Qxd4 Qb6 19. Qxb6 Nxb6 20. a3 Nd7 21. Rd4
Rfb8 22. Re3 Kf8 23. f5 Rb6 24. Rf4 bxa3 25. bxa3 exf5 26. Rd4 f6 27. Rxd5 Nxe5
28. a4 Rb4 29. Bb5 Rh4 30. Kb2 Rxh5 31. c4 f4 32. Re2 Rb8 33. Kb3 Rg5 34. c5
Rg3+ 35. Kc2 Rc8 36. c6 Nxc6 37. Kd1 Ne5 38. Rf2 g5 39. Rfd2 f3 40. gxf3 Nxf3
41. Rf2 Rg1+ 42. Bf1 g4 43. Rxa5 g3 44. Rxf3 g2 45. Rxf6+ Kg7 46. Raf5 Rh1 47.
Rf7+ Kh8 0-1

[Event "Villa Ballester op 50th"]
[Site "Villa Ballester"]
[Date "2000.??.??"]
[Round "4"]
[White "Reides, Marcelo"]
[Black "Cubas, Jose Fernando"]
[Result "1/2-1/2"]
[WhiteElo "2350"]
[BlackElo "2247"]
[PlyCount "66"]
[EventDate "2000.??.??"]
[EventType "swiss"]
[EventRounds "9"]
[EventCountry "ARG"]
[SourceTitle "EXT 2001"]
[Source "ChessBase"]
[SourceDate "2000.11.22"]
[SourceVersion "1"]
[SourceVersionDate "2000.11.22"]
[SourceQuality "1"]

1. e4 c5 2. c3 Nf6 3. e5 Nd5 4. d4 cxd4 5. cxd4 Nc6 6. Nc3 Nc7 7. Nf3 d5 8.
exd6 Qxd6 9. Be3 Be6 10. Be2 g6 11. O-O Bg7 12. Ne4 Qd5 13. Nc5 O-O 14. Rc1
Qxa2 15. Nxb7 Rab8 16. Nc5 Rxb2 17. Nxe6 Qxe6 18. Qa4 Rxe2 19. Rxc6 Ra2 20.
Rxe6 Rxa4 21. Rxe7 Rc4 22. Rd1 a5 23. d5 Rd8 24. g3 Bf6 25. Rxc7 Rxc7 26. Bb6
Rcd7 27. Bxd8 Rxd8 28. Rd3 a4 29. Nd2 Rb8 30. d6 Kf8 31. Ne4 Bb2 32. Nc5 Ra8
33. d7 Bf6 1/2-1/2

[Event "Villa Ballester op 50th"]
[Site "Villa Ballester"]
[Date "2000.??.??"]
[Round "5"]
[White "Cubas, Jose Fernando"]
[Black "Schweber, Samuel"]
[Result "0-1"]
[WhiteElo "2247"]
[BlackElo "2351"]
[PlyCount "94"]
[EventDate "2000.??.??"]
[EventType "swiss"]
[EventRounds "9"]
[EventCountry "ARG"]
[SourceTitle "EXT 2001"]
[Source "ChessBase"]
[SourceDate "2000.11.22"]
[SourceVersion "1"]
[SourceVersionDate "2000.11.22"]
[SourceQuality "1"]

1. e4 e5 2. Nf3 d6 3. d4 Nf6 4. Nc3 Nbd7 5. Bc4 Be7 6. dxe5 Nxe5 7. Nxe5 dxe5
8. Qe2 c6 9. a4 O-O 10. O-O Bb4 11. Rd1 Qe7 12. f3 Be6 13. Be3 Nd7 14. Kh1 Nb6
15. Bd3 Bc5 16. a5 Nd7 17. Na4 Bxe3 18. Qxe3 Rfb8 19. Be2 b5 20. Nc3 a6 21. Rd2
Qc5 22. Qxc5 Nxc5 23. Rd6 Rc8 24. Nd1 Kf8 25. Ne3 Ke7 26. Rd2 Rd8 27. Rxd8 Rxd8
28. Kg1 Na4 29. Rb1 Rd4 30. Kf1 Rb4 31. Nd1 Rd4 32. Ne3 g6 33. Ke1 Nc5 34. b3
f5 35. c3 Rd6 36. b4 Na4 37. Rc1 f4 38. Nd1 c5 39. c4 bxc4 40. Ra1 cxb4 41.
Rxa4 c3 42. Ra1 Rc6 43. Nf2 b3 44. Nd3 b2 45. Rb1 Ba2 46. Nb4 Bxb1 47. Nxc6+
Kd6 0-1

[Event "Villa Ballester op 50th"]
[Site "Villa Ballester"]
[Date "2000.??.??"]
[Round "8"]
[White "Rodriguez Vila, Andres"]
[Black "Cubas, Jose Fernando"]
[Result "1-0"]
[WhiteElo "2492"]
[BlackElo "2247"]
[PlyCount "55"]
[EventDate "2000.??.??"]
[EventType "swiss"]
[EventRounds "9"]
[EventCountry "ARG"]
[SourceTitle "EXT 2001"]
[Source "ChessBase"]
[SourceDate "2000.11.22"]
[SourceVersion "1"]
[SourceVersionDate "2000.11.22"]
[SourceQuality "1"]

1. e4 c5 2. Nf3 d6 3. d4 cxd4 4. Nxd4 Nf6 5. f3 Nc6 6. c4 g6 7. Be3 Bg7 8. Nc3
O-O 9. Qd2 Bd7 10. Nc2 Rc8 11. Be2 a6 12. O-O Qa5 13. Rab1 Kh8 14. b4 Qc7 15.
Rfc1 Ne5 16. Na3 Be6 17. Na4 Nfd7 18. h3 f5 19. exf5 Bxf5 20. Rb3 Bxh3 21. gxh3
Rxf3 22. Bd4 Rcf8 23. Nc3 Rg3+ 24. Kh2 Rff3 25. Bf1 d5 26. Nxd5 Ng4+ 27. Kh1
Rg1+ 28. Bxg1 1-0

[Event "Seville op 25th"]
[Site "Seville"]
[Date "2000.??.??"]
[Round "3"]
[White "Cubas Pons, Juan Miguel"]
[Black "Lalic, Bogdan"]
[Result "0-1"]
[WhiteElo "2260"]
[BlackElo "2548"]
[PlyCount "66"]
[EventDate "2000.01.??"]
[EventType "swiss"]
[EventRounds "9"]
[EventCountry "ESP"]
[SourceTitle "EXT 2001"]
[Source "ChessBase"]
[SourceDate "2000.11.22"]
[SourceVersion "1"]
[SourceVersionDate "2000.11.22"]
[SourceQuality "1"]

1. Nf3 d5 2. g3 g6 3. Bg2 Bg7 4. O-O e5 5. d3 Ne7 6. Nbd2 O-O 7. e4 Nbc6 8. c3
a5 9. a4 h6 10. exd5 Nxd5 11. Nc4 Nde7 12. Re1 f6 13. Be3 Be6 14. Na3 Nf5 15.
Bc5 Rf7 16. Nb5 Bd5 17. Qc2 b6 18. Ba3 Na7 19. Nxa7 Rxa7 20. d4 exd4 21. Nxd4
Nxd4 22. cxd4 Bxg2 23. Kxg2 Qd5+ 24. Kg1 f5 25. Re8+ Kh7 26. Rae1 Bxd4 27. Qd2
c6 28. Bf8 f4 29. R1e4 Bg7 30. Qxd5 cxd5 31. Rxf4 Bxb2 32. Rd8 Rfd7 33. Rb8 Be5
0-1

[Event "Seville op 25th"]
[Site "Seville"]
[Date "2000.??.??"]
[Round "6"]
[White "Spraggett, Kevin"]
[Black "Cubas Pons, Juan Miguel"]
[Result "1/2-1/2"]
[WhiteElo "2529"]
[BlackElo "2260"]
[PlyCount "63"]
[EventDate "2000.01.??"]
[EventType "swiss"]
[EventRounds "9"]
[EventCountry "ESP"]
[SourceTitle "EXT 2001"]
[Source "ChessBase"]
[SourceDate "2000.11.22"]
[SourceVersion "1"]
[SourceVersionDate "2000.11.22"]
[SourceQuality "1"]

1. e4 e6 2. d3 c5 3. Nf3 Nc6 4. g3 g6 5. Bg5 Qc7 6. Qc1 Bg7 7. Bg2 Nge7 8. Bh6
O-O 9. h4 Bxh6 10. Qxh6 f6 11. Nc3 b5 12. a3 Nd4 13. Rc1 Nxf3+ 14. Bxf3 Bb7 15.
Bg2 b4 16. axb4 cxb4 17. Ne2 d5 18. Qd2 dxe4 19. Qxb4 Nc6 20. Qc3 exd3 21. cxd3
Rac8 22. Qb3 Qd7 23. Qb5 a6 24. Qa4 Rfd8 25. O-O Ne5 26. Qxd7 Rxd7 27. Rxc8+
Bxc8 28. Rc1 Bb7 29. Bxb7 Rxb7 30. d4 Nd3 31. Rc3 Rxb2 32. Rxd3 1/2-1/2

[Event "Seville op 25th"]
[Site "Seville"]
[Date "2000.??.??"]
[Round "7"]
[White "Cubas Pons, Juan Miguel"]
[Black "Comas Fabrego, Luis"]
[Result "1/2-1/2"]
[WhiteElo "2260"]
[BlackElo "2529"]
[PlyCount "77"]
[EventDate "2000.01.??"]
[EventType "swiss"]
[EventRounds "9"]
[EventCountry "ESP"]
[SourceTitle "EXT 2001"]
[Source "ChessBase"]
[SourceDate "2000.11.22"]
[SourceVersion "1"]
[SourceVersionDate "2000.11.22"]
[SourceQuality "1"]

1. e4 c5 2. Nf3 Nc6 3. g3 g6 4. d3 Bg7 5. Bg2 Nf6 6. O-O d6 7. Nc3 Bg4 8. h3
Bxf3 9. Bxf3 O-O 10. Bg2 Nd7 11. a4 Rb8 12. Ne2 Qb6 13. c3 a6 14. Rb1 Rfc8 15.
Be3 a5 16. h4 Qc7 17. h5 b5 18. Nf4 bxa4 19. hxg6 hxg6 20. Qxa4 e6 21. Bh3 Nf8
22. Rfc1 Qb7 23. Qd1 Ne5 24. Qe2 Qb5 25. Bf1 Nc6 26. Qg4 Qb7 27. Nh3 a4 28. f4
a3 29. bxa3 Qxb1 30. Rxb1 Rxb1 31. e5 dxe5 32. Bxc5 Nd7 33. Bd6 Nf6 34. Qe2 Nh5
35. Qa2 Rb6 36. Bc5 Rbb8 37. Bd6 Rb6 38. Bc5 Rbb8 39. Bd6 1/2-1/2

[Event "Seville op 25th"]
[Site "Seville"]
[Date "2000.??.??"]
[Round "8"]
[White "Teran Alvarez, Ismael"]
[Black "Cubas Pons, Juan Miguel"]
[Result "1-0"]
[WhiteElo "2401"]
[BlackElo "2260"]
[PlyCount "63"]
[EventDate "2000.01.??"]
[EventType "swiss"]
[EventRounds "9"]
[EventCountry "ESP"]
[SourceTitle "EXT 2001"]
[Source "ChessBase"]
[SourceDate "2000.11.22"]
[SourceVersion "1"]
[SourceVersionDate "2000.11.22"]
[SourceQuality "1"]

1. c4 e6 2. Nf3 d5 3. g3 c6 4. b3 Nf6 5. Bg2 Be7 6. O-O O-O 7. d3 b6 8. Bb2 Bb7
9. Nbd2 c5 10. e3 Nc6 11. a3 Re8 12. Qc2 Rc8 13. Rad1 Qc7 14. Rfe1 e5 15. cxd5
Nxd5 16. Nc4 Bf6 17. Qb1 Rcd8 18. Qa1 Qe7 19. d4 e4 20. Nfe5 Bxe5 21. dxe5 f6
22. Nd6 Nxe5 23. Bxe5 Rxd6 24. Bxd6 Qxd6 25. Rd2 Qe6 26. Red1 Ne7 27. Qc3 Bd5
28. b4 Rc8 29. bxc5 Rxc5 30. Qb2 Qc6 31. Rd4 Ng6 32. Rxd5 1-0

[Event "Istanbul ol (Men) 34th"]
[Site "Istanbul"]
[Date "2000.10.30"]
[Round "3.4"]
[White "Cubas, Jose Fernando"]
[Black "Chang, Hon Kun"]
[Result "1-0"]
[WhiteElo "2247"]
[BlackElo "2200"]
[PlyCount "23"]
[EventDate "2000.10.28"]
[EventType "team-swiss"]
[EventRounds "14"]
[EventCountry "TUR"]
[SourceTitle "EXT 2001"]
[Source "ChessBase"]
[SourceDate "2000.11.22"]
[SourceVersion "1"]
[SourceVersionDate "2000.11.22"]
[SourceQuality "1"]
[WhiteTeam "Paraguay"]
[BlackTeam "Macau"]
[WhiteTeamCountry "PAR"]
[BlackTeamCountry "MAC"]

1. e4 e5 2. Nf3 Nc6 3. Bb5 a6 4. Ba4 Nf6 5. d4 Nxe4 6. Qe2 d5 7. Nxe5 Bb4+ 8.
c3 O-O 9. Nxc6 bxc6 10. cxb4 Nc3 11. Nxc3 Re8 12. Be3 1-0

[Event "Istanbul ol (Men) 34th"]
[Site "Istanbul"]
[Date "2000.11.09"]
[Round "12.4"]
[White "Cubas, Jose Fernando"]
[Black "Bintafrit, Sameer"]
[Result "1/2-1/2"]
[WhiteElo "2247"]
[BlackElo "2285"]
[PlyCount "99"]
[EventDate "2000.10.28"]
[EventType "team-swiss"]
[EventRounds "14"]
[EventCountry "TUR"]
[SourceTitle "EXT 2001"]
[Source "ChessBase"]
[SourceDate "2000.11.22"]
[SourceVersion "1"]
[SourceVersionDate "2000.11.22"]
[SourceQuality "1"]
[WhiteTeam "Paraguay"]
[BlackTeam "Marocco"]
[WhiteTeamCountry "PAR"]
[BlackTeamCountry "MAR"]

1. e4 c5 2. Nf3 d6 3. d4 cxd4 4. Nxd4 Nf6 5. Nc3 a6 6. Bc4 e6 7. Bb3 Qc7 8. O-O
Be7 9. f4 Nc6 10. Kh1 O-O 11. f5 Nxd4 12. Qxd4 Ng4 13. e5 Nxe5 14. f6 Bxf6 15.
Rxf6 gxf6 16. Ne4 Qe7 17. Bh6 d5 18. Ng3 Kh8 19. Bxf8 Qxf8 20. Rf1 Qh6 21. c4
Bd7 22. cxd5 Rg8 23. dxe6 fxe6 24. Ne4 Qg7 25. Rf2 Ng4 26. Rd2 Bc6 27. Bxe6 Re8
28. Bxg4 Rxe4 29. Qxe4 Bxe4 30. Rd8+ Qg8 31. Rxg8+ Kxg8 32. Kg1 b6 33. Kf2 Kf7
34. Bf3 Bb1 35. Bd5+ Ke7 36. Ke3 Kd6 37. Kd4 h6 38. a3 a5 39. b4 axb4 40. axb4
Bc2 41. Bf7 Bf5 42. g3 Bb1 43. h4 Ke7 44. Bg8 Kd6 45. Bd5 Bf5 46. Bb3 Bg6 47.
Bd5 Bf5 48. Bb3 Bg6 49. Bg8 Bb1 50. Bd5 1/2-1/2

[Event "Istanbul ol (Men) 34th"]
[Site "Istanbul"]
[Date "2000.11.12"]
[Round "14.4"]
[White "Renteria Becerra, Jorge Elicer"]
[Black "Cubas, Jose Fernando"]
[Result "0-1"]
[WhiteElo "2271"]
[BlackElo "2247"]
[PlyCount "46"]
[EventDate "2000.10.28"]
[EventType "team-swiss"]
[EventRounds "14"]
[EventCountry "TUR"]
[SourceTitle "EXT 2001"]
[Source "ChessBase"]
[SourceDate "2000.11.22"]
[SourceVersion "1"]
[SourceVersionDate "2000.11.22"]
[SourceQuality "1"]
[WhiteTeam "Columbia"]
[BlackTeam "Paraguay"]
[WhiteTeamCountry "COL"]
[BlackTeamCountry "PAR"]

1. e4 d5 2. exd5 Nf6 3. d4 Bg4 4. Nf3 Qxd5 5. Be2 Nc6 6. O-O O-O-O 7. c4 Qh5 8.
Be3 e5 9. h3 exd4 10. hxg4 Nxg4 11. Bf4 d3 12. Bxd3 Bd6 13. Bg5 Bh2+ 14. Kh1
Bf4+ 15. Bh4 Nce5 16. Bf5+ Qxf5 17. Qa4 Nxf3 18. Qxa7 Rd6 19. Qa8+ Kd7 20. Qa4+
b5 21. cxb5 Ra8 22. Qb3 Nxh4 23. Nc3 Nf3 0-1

[Event "Vince Toth Memorial 3rd"]
[Site "Rio de Janeiro"]
[Date "2001.??.??"]
[Round "1"]
[White "De Souza, Mauro Guimaraes"]
[Black "Cubas, Jose Fernando"]
[Result "1-0"]
[WhiteElo "2335"]
[BlackElo "2280"]
[PlyCount "97"]
[EventDate "2001.??.??"]
[EventType "tourn"]
[EventRounds "9"]
[EventCountry "BRA"]
[EventCategory "4"]
[SourceTitle "EXT 2002"]
[Source "ChessBase"]
[SourceDate "2001.11.25"]
[SourceVersion "1"]
[SourceVersionDate "2001.11.25"]
[SourceQuality "1"]

1. d4 d5 2. c4 c6 3. Nc3 Nf6 4. e3 a6 5. a4 Bf5 6. Nf3 e6 7. Bd3 Bxd3 8. Qxd3
Nbd7 9. O-O Bb4 10. b3 O-O 11. Bb2 Re8 12. Rfd1 Qe7 13. Qe2 Rac8 14. Rac1 h6
15. h3 Ba3 16. Rb1 Bxb2 17. Qxb2 Qb4 18. Rdc1 b5 19. c5 Qa5 20. axb5 axb5 21.
Ra1 Qc7 22. Ra6 Ne4 23. Rca1 e5 24. Ra7 Qd8 25. b4 Nxc3 26. Qxc3 e4 27. Nd2 Re6
28. Qa3 Kh7 29. Qa6 Rg6 30. Nf1 Qg5 31. Ng3 Rd8 32. Ra8 Rxa8 33. Qxa8 Nf6 34.
Qc8 Nh5 35. Ra8 Rf6 36. Nxh5 Qxh5 37. Qh8+ Kg6 38. Rg8 Qd1+ 39. Kh2 Rxf2 40.
Qxg7+ Kh5 41. Qg3 Qf3 42. Qe5+ f5 43. Qe8+ Kh4 44. Qe7+ Kh5 45. Qf7+ Kh4 46.
Qf6+ Kh5 47. Qg6+ Kh4 48. Qxh6+ Qh5 49. Qf6+ 1-0

[Event "Vince Toth Memorial 3rd"]
[Site "Rio de Janeiro"]
[Date "2001.??.??"]
[Round "2"]
[White "Cubas, Jose Fernando"]
[Black "Disconzi da Silva, Rodrigo"]
[Result "1/2-1/2"]
[WhiteElo "2280"]
[BlackElo "2352"]
[PlyCount "117"]
[EventDate "2001.??.??"]
[EventType "tourn"]
[EventRounds "9"]
[EventCountry "BRA"]
[EventCategory "4"]
[SourceTitle "EXT 2002"]
[Source "ChessBase"]
[SourceDate "2001.11.25"]
[SourceVersion "1"]
[SourceVersionDate "2001.11.25"]
[SourceQuality "1"]

1. e4 c5 2. f4 d5 3. Nc3 dxe4 4. Nxe4 Qc7 5. Bb5+ Bd7 6. Qe2 Bxb5 7. Qxb5+ Nd7
8. Nf3 Ngf6 9. Nxf6+ exf6 10. O-O O-O-O 11. d3 Bd6 12. Qa4 Kb8 13. Bd2 h6 14.
Rae1 g6 15. Qb3 Rdf8 16. Kh1 Qc6 17. Re2 Nb6 18. c4 Rhg8 19. Qc3 Bc7 20. Rfe1
g5 21. b4 cxb4 22. Qxb4 Rd8 23. c5 Nd5 24. Qc4 Nxf4 25. Bxf4 Bxf4 26. Re7 Rd5
27. Rb1 Bc7 28. Nd4 Qxc5 29. Nc6+ Kc8 30. Nxa7+ Kd8 31. Rxf7 Re8 32. Qa4 Qa5
33. Qxa5 Rxa5 34. Rc1 Rxa7 35. Rfxc7 Re1+ 36. Rxe1 Kxc7 37. Re2 Kd6 38. Rb2 Ke5
39. h3 Kd4 40. Rb3 Rxa2 41. Rxb7 h5 42. Rd7+ Ke5 43. Kh2 h4 44. Kg1 f5 45. Re7+
Kf4 46. Re1 Ra5 47. Kf2 Ra4 48. Re2 Rd4 49. Rd2 Rd6 50. Rd1 Rd7 51. Rd2 g4 52.
hxg4 fxg4 53. g3+ hxg3+ 54. Kg2 Rh7 55. Rd1 Rh2+ 56. Kg1 Kf3 57. d4 Rg2+ 58.
Kf1 Rf2+ 59. Kg1 1/2-1/2

[Event "Vince Toth Memorial 3rd"]
[Site "Rio de Janeiro"]
[Date "2001.??.??"]
[Round "3"]
[White "Galego, Luis"]
[Black "Cubas, Jose Fernando"]
[Result "1-0"]
[WhiteElo "2424"]
[BlackElo "2280"]
[PlyCount "115"]
[EventDate "2001.??.??"]
[EventType "tourn"]
[EventRounds "9"]
[EventCountry "BRA"]
[EventCategory "4"]
[SourceTitle "EXT 2002"]
[Source "ChessBase"]
[SourceDate "2001.11.25"]
[SourceVersion "1"]
[SourceVersionDate "2001.11.25"]
[SourceQuality "1"]

1. e4 d5 2. exd5 Nf6 3. Nc3 Nxd5 4. Bc4 c6 5. Qf3 e6 6. Nge2 Nd7 7. d4 Be7 8.
O-O O-O 9. Ne4 b5 10. Bb3 Bb7 11. Qg3 Kh8 12. c3 c5 13. Bc2 Rc8 14. Ng5 N7f6
15. dxc5 h6 16. Nf3 Rxc5 17. Qh3 Nb4 18. Bb1 Nd3 19. Bxd3 Qxd3 20. Nf4 Qh7 21.
Be3 Rcc8 22. Nh5 Rcd8 23. Nxf6 Bxf6 24. Bxa7 Rd3 25. Be3 Rfd8 26. Qh5 b4 27.
cxb4 Bxb2 28. Rab1 R3d5 29. Ng5 Qc2 30. h4 Ba6 31. Rfe1 Bd3 32. Nxf7+ Kg8 33.
Nxh6+ gxh6 34. Qg4+ Kf7 35. Bxh6 Rf5 36. Qg3 Bd4 37. Be3 Rg8 38. Rbc1 Rxg3 39.
Rxc2 Bxc2 40. fxg3 e5 41. Kh2 Bxe3 42. Rxe3 e4 43. g4 Rf1 44. g5 Ra1 45. h5
Rxa2 46. Re2 Bb1 47. Rxa2 Bxa2 48. Kg3 Bc4 49. Kf4 Bd3 50. g4 Kg7 51. g6 Kf6
52. g5+ Kg7 53. Ke3 Kf8 54. h6 Kg8 55. g7 Kf7 56. Kf4 Kg8 57. g6 Bb5 58. Kg5
1-0

[Event "Vince Toth Memorial 3rd"]
[Site "Rio de Janeiro"]
[Date "2001.??.??"]
[Round "5"]
[White "Needleman, Alejandro"]
[Black "Cubas, Jose Fernando"]
[Result "1-0"]
[WhiteElo "2382"]
[BlackElo "2280"]
[PlyCount "83"]
[EventDate "2001.??.??"]
[EventType "tourn"]
[EventRounds "9"]
[EventCountry "BRA"]
[EventCategory "4"]
[SourceTitle "EXT 2002"]
[Source "ChessBase"]
[SourceDate "2001.11.25"]
[SourceVersion "1"]
[SourceVersionDate "2001.11.25"]
[SourceQuality "1"]

1. d4 d5 2. Bf4 Nf6 3. Nf3 Bf5 4. e3 e6 5. Ne5 Nbd7 6. g4 Nxe5 7. gxf5 Nc6 8.
fxe6 fxe6 9. Nd2 Bd6 10. Bg3 Qe7 11. f4 O-O-O 12. Bd3 h6 13. c4 dxc4 14. Nxc4
Bb4+ 15. Ke2 g5 16. fxg5 hxg5 17. a3 Bd6 18. Nxd6+ cxd6 19. b4 Rdf8 20. b5 Nd8
21. Qa4 Kb8 22. b6 axb6 23. Rab1 Nh5 24. Be1 e5 25. Rxb6 exd4 26. Qxd4 Nf4+ 27.
Kd2 Nxd3 28. Qxd3 Nc6 29. Bg3 Ne5 30. Qd5 Rc8 31. Rxd6 Qc7 32. Qxe5 Qc2+ 33.
Ke1 Rc7 34. Qxh8+ Ka7 35. Qd4+ Rc5 36. Rd5 Qb1+ 37. Kf2 Qa2+ 38. Kf3 g4+ 39.
Kf4 Qxd5 40. Qxd5 Rxd5 41. Kxg4 Rd3 42. h4 1-0

[Event "Vince Toth Memorial 3rd"]
[Site "Rio de Janeiro"]
[Date "2001.??.??"]
[Round "6"]
[White "Loureiro, Luiz R Vasconcelos"]
[Black "Cubas, Jose Fernando"]
[Result "1/2-1/2"]
[WhiteElo "2347"]
[BlackElo "2280"]
[PlyCount "61"]
[EventDate "2001.??.??"]
[EventType "tourn"]
[EventRounds "9"]
[EventCountry "BRA"]
[EventCategory "4"]
[SourceTitle "EXT 2002"]
[Source "ChessBase"]
[SourceDate "2001.11.25"]
[SourceVersion "1"]
[SourceVersionDate "2001.11.25"]
[SourceQuality "1"]

1. d4 d5 2. c4 c6 3. Nc3 Nf6 4. Nf3 a6 5. e3 b5 6. b3 Bg4 7. Be2 Nbd7 8. O-O e6
9. cxd5 cxd5 10. Bb2 Bd6 11. Nd2 Bxe2 12. Qxe2 O-O 13. Rac1 Qe7 14. Rc2 Rfc8
15. Rfc1 Nb6 16. Qd3 h6 17. g3 Ba3 18. Bxa3 Qxa3 19. Kg2 b4 20. Ne2 Qa5 21. Rc6
Nfd7 22. Nf4 Qxa2 23. e4 dxe4 24. Nxe4 Qa3 25. Rxc8+ Rxc8 26. Rxc8+ Nxc8 27.
Nc5 Nxc5 28. dxc5 Qa5 29. Qc4 Ne7 30. Nd3 Nd5 31. c6 1/2-1/2

[Event "Vince Toth Memorial 3rd"]
[Site "Rio de Janeiro"]
[Date "2001.??.??"]
[Round "7"]
[White "Cubas, Jose Fernando"]
[Black "Limp, Eduardo Thelio"]
[Result "1-0"]
[WhiteElo "2280"]
[BlackElo "2462"]
[PlyCount "99"]
[EventDate "2001.??.??"]
[EventType "tourn"]
[EventRounds "9"]
[EventCountry "BRA"]
[EventCategory "4"]
[SourceTitle "EXT 2002"]
[Source "ChessBase"]
[SourceDate "2001.11.25"]
[SourceVersion "1"]
[SourceVersionDate "2001.11.25"]
[SourceQuality "1"]

1. e4 e6 2. d4 d5 3. e5 c5 4. c3 Nc6 5. Nf3 Bd7 6. Bd3 cxd4 7. cxd4 Qb6 8. O-O
Nxd4 9. Nxd4 Qxd4 10. Nc3 Ne7 11. Nb5 Qxe5 12. Re1 Qb8 13. Qf3 Bxb5 14. Bxb5+
Nc6 15. Qxd5 Qd6 16. Qf3 Be7 17. Bf4 Qc5 18. Re5 Qb6 19. Rc1 Rc8 20. Be3 Qc7
21. Rh5 g6 22. Rh6 Kf8 23. h4 Kg7 24. h5 Bf6 25. hxg6 hxg6 26. Rxh8 Rxh8 27.
Bxc6 Qh2+ 28. Kf1 bxc6 29. b3 Rd8 30. g3 Qh3+ 31. Kg1 Rd5 32. Rxc6 Rf5 33. Qe4
Re5 34. Qf3 a5 35. Rc5 Rxc5 36. Bxc5 g5 37. Bb6 Qf5 38. Kg2 Qc2 39. Bxa5 Qxa2
40. Bc3 e5 41. Qd5 Qe2 42. b4 Kg6 43. b5 g4 44. b6 Bd8 45. b7 Bc7 46. Qc6+ Kg5
47. Qxc7 Qe4+ 48. Kf1 Qd3+ 49. Ke1 Qb1+ 50. Kd2 1-0

[Event "Vince Toth Memorial 3rd"]
[Site "Rio de Janeiro"]
[Date "2001.??.??"]
[Round "9"]
[White "Cubas, Jose Fernando"]
[Black "Molina, Jorge"]
[Result "1-0"]
[WhiteElo "2280"]
[BlackElo "2195"]
[PlyCount "91"]
[EventDate "2001.??.??"]
[EventType "tourn"]
[EventRounds "9"]
[EventCountry "BRA"]
[EventCategory "4"]
[SourceTitle "EXT 2002"]
[Source "ChessBase"]
[SourceDate "2001.11.25"]
[SourceVersion "1"]
[SourceVersionDate "2001.11.25"]
[SourceQuality "1"]

1. e4 c6 2. d4 d5 3. e5 Bf5 4. c3 e6 5. Be3 Qb6 6. Qb3 Nd7 7. Nd2 Ne7 8. f4 h5
9. Ngf3 h4 10. Rg1 Qxb3 11. axb3 a6 12. Be2 Bg4 13. Ng5 Nf5 14. Bf2 Bxe2 15.
Kxe2 Be7 16. Ngf3 g6 17. g4 hxg3 18. hxg3 O-O-O 19. g4 Ng7 20. Rh1 f5 21. exf6
Bxf6 22. Bh4 Ne8 23. Rh2 Bxh4 24. Rxh4 Nef6 25. Rah1 Rhf8 26. Ke3 Rde8 27. Ne5
Rg8 28. Ndf3 Rg7 29. Rh8 Reg8 30. R1h6 Nf8 31. Nh4 Kc7 32. Rxg8 Nxg8 33. Rh8 g5
34. fxg5 Rxg5 35. Nhg6 Nxg6 36. Rxg8 Rxe5+ 37. dxe5 Nxe5 38. g5 Kd6 39. Rg7 b6
40. g6 c5 41. Kf4 b5 42. Rg8 Nd3+ 43. Kg5 Ke7 44. Rg7+ Ke8 45. Kf6 Nf4 46. Rh7
1-0

[Event "Vince Toth Memorial 3rd"]
[Site "Rio de Janeiro"]
[Date "2001.??.??"]
[Round "10"]
[White "Teixeira, Ricardo da Silva"]
[Black "Cubas, Jose Fernando"]
[Result "1/2-1/2"]
[WhiteElo "2353"]
[BlackElo "2280"]
[PlyCount "139"]
[EventDate "2001.??.??"]
[EventType "tourn"]
[EventRounds "9"]
[EventCountry "BRA"]
[EventCategory "4"]
[SourceTitle "EXT 2002"]
[Source "ChessBase"]
[SourceDate "2001.11.25"]
[SourceVersion "1"]
[SourceVersionDate "2001.11.25"]
[SourceQuality "1"]

1. e4 c5 2. Nf3 d6 3. d4 cxd4 4. Nxd4 Nf6 5. Nc3 a6 6. g3 e5 7. Nb3 Be7 8. Bg2
O-O 9. O-O b5 10. a3 Be6 11. Be3 Nbd7 12. Nd5 Bxd5 13. exd5 Qc7 14. c3 Nb6 15.
Bxb6 Qxb6 16. a4 bxa4 17. Rxa4 a5 18. Ra2 Nd7 19. Re1 Bd8 20. Nd2 Rb8 21. Qa4
Nc5 22. Qc2 Bc7 23. Nc4 Qb3 24. Qxb3 Rxb3 25. Re2 f5 26. Nxa5 Bxa5 27. Rxa5 Nd3
28. Ra6 Rd8 29. Rd2 Nxb2 30. Bf1 Kf7 31. c4 Rb4 32. Rc6 Na4 33. Ra2 Rd7 34. h4
Kf6 35. Be2 e4 36. f4 Ke7 37. g4 fxg4 38. Bxg4 Rdb7 39. Bf5 Rb1+ 40. Kf2 Nc5
41. Re2 R1b2 42. Bxh7 Rxe2+ 43. Kxe2 Rb2+ 44. Ke3 Rb3+ 45. Ke2 Rh3 46. Rc7+ Kf6
47. Bg8 Nb3 48. Rf7+ Kg6 49. Re7 Nd4+ 50. Kf2 Rf3+ 51. Kg2 Rxf4 52. c5 dxc5 53.
d6 Rf6 54. d7 Rd6 55. Bc4 e3 56. Rxe3 Rxd7 57. Re5 Rc7 58. Kg3 Kf6 59. Kf4 Rc6
60. h5 Rc7 61. Rd5 Ne6+ 62. Ke4 Rc6 63. Rf5+ Ke7 64. Re5 Kf6 65. Rf5+ Ke7 66.
Re5 Kf6 67. Rf5+ Ke7 68. Re5 Kf6 69. Rf5+ Ke7 70. Re5 1/2-1/2